000 01056nas a2200361 4500
001 BR0808470
003 BR-BrBNA
005 20231205112847.0
007 ta
008 230509b bl.|||p| |||| 00| 00por d
040 _aBR-BrBNA
_bpor
_cBiblioteca Nacional de Agricultura
041 _a(Pt)
072 _aL72
100 1 _aLeite, L.C.
100 1 _aCirio, S.M.
100 1 _aDiniz, J.M.F.
100 1 _aMarinoni, L.P.
100 1 _aSilva, A.W.C.
100 1 _aLuz, E.
100 1 _aVargas, C.C.S.G.
100 1 _aLeite, S.C.
100 1 _aZudorosnei, A.C.B.
100 1 _aVerones, E.M.
100 1 _aBurranco, R
245 1 _aContaminação por ovos de Toxocara spp. em praças públicas e parques recreacionais (jardinetes)de Curitiba, Paraná, Brasil.
650 _aPRAGA DE ANIMAL
650 _aTOXOCARA
650 _aCURITIBA
650 _aPARANÁ
773 0 _tRevista Acadêmica (Brazil)
_xISSN 0103-989X
_g(Apr-Jun 2004), v. 2(2) p. 5964
_wBR0808470
909 _a202311
_bLúcia
_c55
_dLúcia Elande
942 _2AGRIS
_n0
_cANA
999 _c200444
_d200444